Evolution of leadership theories bakalárska práca

Gespeichert in:
Bibliographische Detailangaben
1. Verfasser: Piklová, Petra
Körperschaft: Podnikovohospodárska fakulta EU so sídlom v Košiciach. Katedra manažmentu
Weitere Verfasser: Dubovická, Lenka
Format: Buch
Sprache:Englisch
Veröffentlicht: Košice 2009
Tags: Tag hinzufügen
Keine Tags, Fügen Sie das erste Tag hinzu!

MARC

LEADER 00000nam$a2200000$$$4500
001 0106813
005 20240318114338.0
041 0 |a eng 
044 |a SK 
245 1 0 |a Evolution of leadership theories  |b bakalárska práca  |c Petra Piklová ; škol. Lenka Dubovická 
264 1 |a Košice  |c 2009 
300 |a 53 s. 
100 1 |a Piklová, Petra 
700 1 |a Dubovická, Lenka 
710 2 |a Podnikovohospodárska fakulta EU so sídlom v Košiciach. Katedra manažmentu